| 000 | 00731nam a2200241Ia 4500 | ||
|---|---|---|---|
| 005 | 20220709113324.0 | ||
| 008 | 131103s9999 xx 000 0 und d | ||
| 020 |
_a81-7033-577-9 _cRs. 340 |
||
| 040 | _aLoreto College | ||
| 041 | _aEnglish | ||
| 082 |
_a307.1416 _bANS |
||
| 100 | _aAnsari, Abdul Sameem | ||
| 245 |
_aUrban renewal and development _b A case of Hyderbad _cAbdul Sameem Ansari |
||
| 260 |
_aJaipur and New Delhi _bRawat Publications _c2000 |
||
| 300 | _a216p, tables 22c.m. | ||
| 504 | _aIncludes bibliographical references and index | ||
| 630 | _aUrban Communities | ||
| 650 | _aUrban Renewal | ||
| 651 | _aUrban Development | ||
| 700 | _aAnsari, Abdul Sameem, auth | ||
| 850 | _aLCLIB | ||
| 942 | _cBK | ||
| 999 |
_c2136 _d52615 |
||